Matemática 9 (Record no. 65729)

MARC details
000 -LÍDER
campo de controle de tamanho fixo 00329 a2200157 4500
001 - NÚMERO DE CONTROLE
campo de controle 65729
020 ## - ISBN - INTERNATIONAL STANDARD BOOK NUMBER
ISBN - International Standard Book Number 9788516094881
040 ## - FONTE DA CATALOGAÇÃO
Instituição que transcreveu o registro Anchieta - Pituba
100 ## - ENTRADA PRINCIPAL--NOME PESSOAL
Nome pessoal Mara Regina Garcia Gay
240 10 - TÍTULO UNIFORME
Título uniforme Matemática 9
Idioma da obra por
245 10 - TÍTULO
Título Matemática 9
300 ## - DESCRIÇÃO FÍSICA
Extensão 272
362 0# - DATAS DE PUBLICAÇÃO E/OU DESIGNAÇÃO SEQUENCIAL
Datas de publicação e/ou designação sequencial 2014
650 #4 - ASSUNTO--TERMO TÓPICO
Cabeçalho tópico ou nome geográfico Matemática
942 ## - ELEMENTOS DE ENTRADA ADICIONADOS (KOHA)
Tipo de material Koha Livros
Holdings
Situação do descarte Situação das perdas Situação física Não pode ser emprestado Biblioteca de origem Biblioteca atual Data de aquisição Total de empréstimos Número de chamada completo Código de barras Data de último acesso Data do preço efetivo Tipo de material Koha
        Colégio Anchieta - Pituba Colégio Anchieta - Pituba 21/11/2023   510 M425m MAT 20510/PIT 21/11/2023 21/11/2023 Livros